[Event "ch-ROM w"]
[Site "Targoviste ROM"]
[Date "2001.12.03"]
[Round "9"]
[White "Olarasu,G"]
[Black "Tutulan,M"]
[Result "1/2-1/2"]
[WhiteElo "2285"]
[BlackElo "2012"]

1.Nf3 d5 2.c4 e6 3.g3 Nf6 4.Bg2 c5 5.cxd5 exd5 6.d4 Nc6 7.O-O Be7 8.Nc3 O-O
9.Bg5 cxd4 10.Nxd4 h6 11.Be3 Re8 12.Rc1 Bg4 13.h3 Be6 14.Nxe6 fxe6 15.Na4 Bf8
16.Bc5 Rc8 17.Bxf8 Rxf8 18.Qb3 Qe7 19.Rcd1 Na5 20.Qe3 b5 21.Nc3 Nc4 22.Qd4 Nd6
23.b3 Nf5 24.Qd3 b4 25.Na4 Rc7 26.Rc1 Rfc8 27.Qd2 Kf7 28.e3 Rxc1 29.Rxc1 Rxc1+
30.Qxc1 Nd6 31.Qe1 Nb5 32.Bf1 Nc7 33.Bd3 Nd7 34.Qd1 Ne8 35.Bb5 Ndf6 36.Bxe8+ Kxe8
37.Qc2 Kf7 38.Nb2 Kg8 39.Nd3 Ne4 40.Qc8+ Kh7 41.Kg2 Qf6 42.Qc2 Qf8 43.Nf4 Qc5
44.Qd3 Qc3 45.Qe2 Nc5 46.h4 d4 47.exd4 Qxd4 48.h5 Qe4+ 49.Qxe4+ Nxe4 50.Nxe6 Nc3
51.Kf3 Nxa2 52.Ke3 Nc1 53.Nc5 g6 54.hxg6+ Kxg6 55.Kd2 Na2 56.Ne4 Kf5 57.f3 Ke5
58.Kc2 Kd4 59.Kb2 Nc3 60.Nxc3 bxc3+ 61.Kc2 a5 62.f4 h5 63.Kc1 Ke4 64.Kd1 Kd5
65.Kc1 Ke4  1/2-1/2

[Event "ch-GER"]
[Site "Altenkirchen GER"]
[Date "2001.12.05"]
[Round "6"]
[White "Scherer,M"]
[Black "Kleeschaetzky,Rai"]
[Result "0-1"]
[WhiteElo "2310"]
[BlackElo "2318"]

1.Nf3 d5 2.c4 c6 3.g3 Nf6 4.Bg2 Bg4 5.Ne5 Bf5 6.d4 e6 7.Nc3 Be7 8.O-O Nbd7
9.Re1 O-O 10.Bf4 h6 11.h3 Bh7 12.g4 Re8 13.Rc1 Nxe5 14.Bxe5 Nd7 15.cxd5 exd5
16.Bf4 Nf6 17.Qd2 Bf8 18.f3 b5 19.Nd1 Rc8 20.Nf2 Qb6 21.Be3 a5 22.Nd3 Nd7
23.Bf2 Bxd3 24.Qxd3 Bb4 25.Red1 Qd8 26.e4 Nb6 27.e5 a4 28.b3 f6 29.f4 axb3
30.axb3 Kh8 31.Rc2 Rc7 32.Rdc1 Ba3 33.Ra1 Be7 34.Bf1 Nd7 35.Rac1 Ba3 36.Ra1 Bb4
37.Bg3 fxe5 38.fxe5 Nf8 39.Rf2 c5 40.Qxb5 Bc3 41.Rd1 Bxd4 42.Rxd4 cxd4 43.Bg2 Rc3
44.Kh2 Qb8 45.Qxb8 Rxb8 46.Bxd5 d3 47.e6 Rc2 48.Kg1 Re8 49.e7 Rxf2 50.Kxf2 Rxe7
51.Bf4 Ne6 52.Be3 Ng5 53.b4 Nxh3+ 54.Kf3 Ng5+ 55.Kf4 Ne6+ 56.Kf3 Nc7 57.Be4 Rd7
58.Bd2 Nd5 59.Bf5 Rd8 60.Ke4 Nxb4 61.Bxb4 d2 62.Bxd2 Rxd2 63.Kf4 Kg8 64.Bc8 Kf7
65.Ke5 Kg6 66.Kf4 Rd4+ 67.Kf3 Kg5 68.Bf5 Rf4+  0-1

[Event "Open"]
[Site "Rijeka CRO"]
[Date "2001.12.07"]
[Round "7"]
[White "Jovanic,O"]
[Black "Kovacevic,B"]
[Result "0-1"]
[WhiteElo "2409"]
[BlackElo "2434"]

1.Nf3 d5 2.c4 e6 3.g3 Nf6 4.Bg2 Be7 5.O-O O-O 6.d3 b6 7.Nc3 Bb7 8.Ne5 Nbd7
9.Bf4 Nxe5 10.Bxe5 c6 11.e4 Nd7 12.Bf4 dxc4 13.d4 e5 14.dxe5 Nc5 15.Qg4 Bc8
16.Qe2 Nd3 17.Be3 Nxe5 18.Rad1 Qc7 19.h3 Ba6 20.f4 Nd3 21.e5 Rad8 22.Be4 f5
23.Bg2 Bb4 24.g4 Bc8 25.Nb1 Be6 26.a3 Bc5 27.Bxc5 Nxc5 28.Nc3 Rd3 29.Rxd3 Nxd3
30.gxf5 Rxf5 31.Qe3 g5 32.fxg5 Qxe5 33.Ne4 Rxf1+ 34.Bxf1 Kg7 35.Bg2 Bd5 36.b4 Nf4
37.Bf3 Nxh3+ 38.Kg2 Nf4+ 39.Kf2 Ne6 40.Kf1 Nd4 41.Bg2 Nf5 42.Qc3 Qxc3 43.Nxc3 Ne3+  0-1

[Event "ch-GRE Playoff"]
[Site "Athens GRE"]
[Date "2001.12.18"]
[Round "2"]
[White "Banikas,H"]
[Black "Halkias,S"]
[Result "0-1"]
[WhiteElo "2526"]
[BlackElo "2519"]

1.Nf3 d5 2.c4 e6 3.g3 Nf6 4.Bg2 c6 5.Qc2 dxc4 6.Qxc4 b5 7.Qc2 Bb7 8.a4 a6
9.O-O Nbd7 10.d3 Rc8 11.Nbd2 Be7 12.Nb3 c5 13.axb5 axb5 14.Bd2 Qc7 15.Bf4 Qb6
16.Na5 Ba8 17.b4 O-O 18.bxc5 Bxc5 19.Qb1 Rfe8 20.e4 e5 21.Bd2 Ng4 22.Be1 Nf8
23.Nb3 Bd6 24.Ba5 Qb8 25.Bh3 h5 26.Nh4 Nh7 27.Bd2 Be7 28.Nf5 Bg5 29.Bb4 g6
30.Nd6 Be7 31.Nxc8 Bxb4 32.Rxa8 Qxa8 33.Nb6 Qd8 34.Nd5 Bd6 35.Nd2 b4 36.Nc4 Bc5
37.Bxg4 hxg4 38.Kg2 Nf6 39.Nce3 Bxe3 40.Nxe3 Qd6 41.Nc4 Qc5 42.Qb2 Nxe4 43.Ne3 Nf6
44.Rc1 Qb5 45.Rc4 b3 46.Nxg4 Nxg4 47.Rxg4 Rc8 48.Re4 f6 49.Re2 Qxd3 50.Rd2 Qe4+
51.f3 Qc2 52.Kf1 Qxb2 53.Rxb2 Rc3 54.Ke2 g5 55.Rd2 Kf7 56.Rd3 Rxd3 57.Kxd3 g4  0-1

[Event "34th Women GM"]
[Site "Belgrade YUG"]
[Date "2001.12.22"]
[Round "2"]
[White "Calotescu,C"]
[Black "Olarasu,G"]
[Result "1/2-1/2"]
[WhiteElo "2296"]
[BlackElo "2285"]

1.Nf3 d5 2.c4 c6 3.e3 Nf6 4.d4 Bg4 5.Nc3 e6 6.Qb3 Qb6 7.h3 Bxf3 8.gxf3 Nbd7
9.Bd2 Be7 10.Be2 dxc4 11.Bxc4 Qxb3 12.Bxb3 O-O 13.Ke2 Rfd8 14.Rhg1 Rac8 15.f4 Nb6
16.Rad1 g6 17.Bc1 c5 18.dxc5 Bxc5 19.Rxd8+ Rxd8 20.e4 Bb4 21.f3 Bc5 22.Rg5 Be7
23.Be3 Nc8 24.Rg1 Nh5 25.Rc1 Nd6 26.Na4 Bh4 27.Kf1 Nb5 28.Bc4 Nd4 29.Rd1 Nc6
30.Rxd8+ Bxd8 31.Nc5 Bb6 32.Bb5 Nxf4 33.Bxf4 Bxc5 34.Bxc6 bxc6 35.Ke2 Bd4
36.b3 e5 37.Bh6 f5 38.Kd3 Kf7 39.Kc4 Kf6 40.Bd2 fxe4 41.fxe4 g5 42.Kd3 h5
43.Ke2 g4 44.hxg4 hxg4 45.Kf1 Kg6 46.Kg2 Kh5 47.Kg3 a6 48.Kg2  1/2-1/2

[Event "10th Open"]
[Site "Aschach AUT"]
[Date "2001.12.26"]
[Round "1"]
[White "Jurek,J"]
[Black "Wegerer,J"]
[Result "1-0"]
[WhiteElo "2362"]
[BlackElo "2125"]

1.Nf3 d5 2.c4 d4 3.e3 dxe3 4.fxe3 c5 5.b4 cxb4 6.d4 Bg4 7.Bd3 e6 8.O-O Be7
9.Nbd2 Nc6 10.Qc2 h6 11.Bb2 Bf6 12.h3 Bxf3 13.Rxf3 Qd7 14.Raf1 O-O-O 15.Ne4 Nxd4
16.exd4 Bxd4+ 17.Kh1 f5 18.Ng3 Kb8 19.Re1 Bxb2 20.Qxb2 a5 21.Qe5+ Qc7 22.Qxc7+ Kxc7
23.Rxe6 f4 24.Ne4 g5 25.g3 Rh7 26.gxf4 Rf7 27.f5 Ne7 28.Nf6 Nc6 29.Nd5+ Kb8
30.f6 Rff8 31.Rfe3 Nd4 32.Re7 b5 33.Nb6  1-0

[Event "It"]
[Site "Lvov UKR"]
[Date "2001.12.26"]
[Round "9"]
[White "Sulypa,A"]
[Black "Kozakov,M"]
[Result "1/2-1/2"]
[WhiteElo "2513"]
[BlackElo "2473"]

1.Nf3 d5 2.c4 c6 3.d4 Nf6 4.cxd5 cxd5 5.Nc3 Nc6 6.Bf4 Ne4 7.e3 Nxc3 8.bxc3 g6
9.Be2 Bg7 10.O-O O-O 11.c4  1/2-1/2

[Event "Christmas Open"]
[Site "Zurich SUI"]
[Date "2001.12.27"]
[Round "3"]
[White "Fridman,D"]
[Black "Wirthensohn,H"]
[Result "0-1"]
[WhiteElo "2571"]
[BlackElo "2333"]

1.Nf3 d5 2.c4 e6 3.g3 dxc4 4.Qa4+ c6 5.Qxc4 b5 6.Qc2 Bb7 7.d4 Nd7 8.Nc3 Ngf6
9.Bg2 c5 10.O-O Qb6 11.dxc5 Bxc5 12.a3 Rc8 13.b4 Be7 14.Qb3 Nd5 15.Bb2 O-O
16.Rac1 Bf6 17.Rfd1 Rc7 18.Ne4 Bxb2 19.Qxb2 Rfc8 20.Rxc7 Qxc7 21.Nd4 a6 22.Nb3 N7b6
23.Nec5 Nc4 24.Qa1 h6 25.Nxb7 Qxb7 26.Nc5 Qc6 27.Rd3 a5 28.Qd4 axb4 29.axb4 Ncb6
30.h3 Qc7 31.f4 Qe7 32.Be4 g6 33.Rd1 Nxb4 34.Nxe6 Qxe6 35.Qxb4 Nc4 36.Bf3 Qxh3
37.Qe1 b4 38.Rb1 Ne3 39.Kf2 Rc3 40.Kg1 Ng4  0-1

[Event "34th Women GM"]
[Site "Belgrade YUG"]
[Date "2001.12.28"]
[Round "8"]
[White "Calotescu,C"]
[Black "Drljevic,L"]
[Result "1-0"]
[WhiteElo "2296"]
[BlackElo "2132"]

1.Nf3 d5 2.c4 e6 3.g3 Nf6 4.Bg2 c5 5.cxd5 exd5 6.d4 Nc6 7.O-O h6 8.b3 Bd6
9.dxc5 Bxc5 10.Bb2 O-O 11.Nc3 a6 12.e3 Bg4 13.Rc1 Ba7 14.Ne2 Qe7 15.Ned4 Rac8
16.Nxc6 bxc6 17.Qd3 Ne4 18.Ne5 Bf5 19.Qxa6 c5 20.Qe2 Rfd8 21.Rfe1 Bb8 22.Nf3 Qa7
23.Ba1 Bd6 24.Nh4 Be6 25.f3 Ng5 26.f4 Ne4 27.Rcd1 Bf8 28.f5 Bd7 29.Rxd5 Bb5
30.Qxb5 Rxd5 31.Bxe4 Rd2 32.Bc3 Rxa2 33.Qc4 Kh7 34.f6+ g6 35.Bd5 Rc7 36.Nxg6  1-0

[Event "SO-ON"]
[Site "Groningen NED"]
[Date "2001.12.28"]
[Round "6"]
[White "Afek,Y"]
[Black "Michiels,B"]
[Result "1-0"]
[WhiteElo "2369"]
[BlackElo "2159"]

1.Nf3 d5 2.c4 dxc4 3.Na3 c5 4.Nxc4 Nc6 5.g3 Nf6 6.Bg2 e6 7.O-O Be7 8.b3 O-O
9.Bb2 Rb8 10.d4 b5 11.Nce5 Bb7 12.dxc5 Bxc5 13.Nxc6 Bxc6 14.Rc1 Qe7 15.Qc2 Bxf3
16.Bxf3 Rbc8 17.e3 b4 18.Rfd1 Nd7 19.Qe4 Nb6 20.h4 Nd5 21.Qe5 f6 22.Qxe6+ Qxe6
23.Bxd5 Kf7 24.Rc4 Bb6 25.Bxe6+ Kxe6 26.Rxb4 Rc2 27.Bd4 Bxd4 28.Rdxd4 Rxa2
29.Rb7 g5 30.Rxh7 Rc8 31.Ra4 Rb2 32.hxg5 fxg5 33.Rh6+ Kf5 34.g4+ Ke5 35.f4+ gxf4
36.exf4+ Kd5 37.Rh5+ Ke6 38.Re5+ Kf7 39.Rxa7+ Kf6 40.Ra6+ Kf7 41.Ra7+ Kf6
42.Rae7 Rc1+ 43.Re1 Rc6 44.R1e2 Rxb3 45.Kf2 Ra6 46.R2e3 Rb1 47.Re1 Rb3 48.R7e3 Rb2+
49.Kf3 Rh2 50.g5+ Kf7 51.Re7+ Kf8 52.Re8+ Kf7 53.R1e7+ Kg6 54.Rg8+  1-0

[Event "8th Open"]
[Site "Bosnjaci CRO"]
[Date "2002.01.04"]
[Round "2"]
[White "Macanga,B"]
[Black "Perlic,P"]
[Result "0-1"]
[WhiteElo "2274"]
[BlackElo "2127"]

1.Nf3 d5 2.c4 d4 3.g3 Nc6 4.d3 e5 5.Bg2 Bd7 6.O-O Qc8 7.a3 Nge7 8.b4 Ng6
9.b5 Nd8 10.e3 dxe3 11.fxe3 Be7 12.Bb2 f6 13.d4 e4 14.Nfd2 f5 15.Nc3 c6 16.Qb3 O-O
17.Rac1 Kh8 18.h4 Bf6 19.a4 Qc7 20.Ne2 Nf7 21.Ba3 Rfe8 22.h5 Ne7 23.Nf4 Nh6
24.c5 Qc8 25.Nc4 Qb8 26.Nd6 Rf8 27.Rb1 Bg5 28.bxc6 bxc6 29.Qc4 Qd8 30.Rb7 Bxf4
31.exf4 Nd5 32.Rfb1 Be6 33.Qa6 Bc8 34.Qxc6 Bxb7 35.Nxb7 Qe8 36.Qxd5 Qxh5
37.c6 Ng4 38.Rb5 Qh2+ 39.Kf1 e3 40.Bxf8 Qxg3 41.Qf3 Nh2+  0-1

[Event "ch-AUS"]
[Site "Melbourne AUS"]
[Date "2002.01.04"]
[Round "7"]
[White "Lloyd,A"]
[Black "Solomon,SJ"]
[Result "0-1"]
[WhiteElo "2205"]
[BlackElo "2385"]

1.Nf3 d5 2.c4 e6 3.g3 Nf6 4.Bg2 Be7 5.b3 O-O 6.O-O c5 7.e3 Nc6 8.Bb2 a6 9.Qe2 b5
10.d4 cxd4 11.Nxd4 Nxd4 12.Bxd4 bxc4 13.bxc4 a5 14.Rc1 Ba6 15.Qd1 Bxc4 16.Rxc4 dxc4
17.Bxa8 Qxa8 18.Nd2 Qd5 19.Qe2 Ne4 20.Nxe4 Qxe4 21.Rc1 e5 22.Bb6 Ba3 23.Rc2 Rb8
24.f3 Qd5 25.e4 Qc6 26.Bf2 c3 27.Qd3 Rc8 28.Kg2 h5 29.h4 g6 30.Be3 Bb2 31.Bg5 a4
32.Kh2 Qe6 33.Qb5 a3 34.Qd5 Qxd5 35.exd5 Rc5 36.Kg2 Rxd5 37.Kf2 Rd1 38.Ke2 Ra1
39.Bf6 Rxa2  0-1

[Event "ch-AUS"]
[Site "Melbourne AUS"]
[Date "2002.01.05"]
[Round "8"]
[White "Hacche,D"]
[Black "Levi,E"]
[Result "1-0"]
[WhiteElo "2218"]
[BlackElo "2247"]

1.Nf3 d5 2.c4 d4 3.g3 Nc6 4.Bg2 e5 5.d3 Nf6 6.O-O a5 7.Na3 Bc5 8.Nc2 O-O
9.a3 Qe7 10.Rb1 a4 11.Nd2 Na5 12.b4 axb3 13.Nxb3 Nxb3 14.Rxb3 c6 15.Bd2 Bf5
16.Qb1 Ra7 17.Qb2 Ne8 18.Rb1 Nd6 19.Bb4 Bxb4 20.axb4 Rfa8 21.Qc1 Qd7 22.Na3 Be6
23.Nc2 Nxc4 24.dxc4 Bxc4 25.Ra3 Bxe2 26.Rxa7 Rxa7 27.Na3 Qf5 28.Rb2 Qd3 29.Rxe2 Qxe2
30.Bf1 Qf3 31.Nc4 Qc3 32.Qg5 Qxb4 33.Qxe5 Ra8 34.Nd6 Rd8 35.Nf5 Qf8 36.Bd3 c5
37.Ne7+ Kh8 38.Bxh7 Qe8 39.Bd3 f6 40.Qf5 g6 41.Qxf6+  1-0

[Event "TCh-CZE 2001-2"]
[Site "CZE"]
[Date "2002.01.12"]
[Round "6"]
[White "Stocek,J"]
[Black "Movsesian,S"]
[Result "0-1"]
[WhiteElo "2545"]
[BlackElo "2624"]

1.Nf3 d5 2.c4 c6 3.g3 Bg4 4.Qb3 Bxf3 5.exf3 Qd7 6.d4 dxc4 7.Bxc4 e6 8.O-O Ne7
9.Re1 a5 10.Nc3 b5 11.Nxb5 cxb5 12.Bxb5 Nbc6 13.Bg5 Rb8 14.Bxe7 Kxe7 15.Rad1 Na7
16.Bxd7 Rxb3 17.axb3 Kxd7 18.d5 Bd6 19.dxe6+ fxe6 20.Re5 Nc6 21.Rb5 Rb8 22.Rxb8 Nxb8
23.f4 Na6 24.Rd4 Kc6 25.Kf1 Be7 26.g4 Bf6 27.Rd2 h6 28.Rd3 Nc5 29.Rg3 Bxb2
30.Ke2 Bd4 31.g5 h5 32.g6 Kd5 33.Rg5+ Ke4 34.f3+ Kxf4 35.Rxh5 Nxb3 36.Kd3 Bf6
37.h4 a4 38.Kc4 Nd2+ 39.Kb4 Nxf3 40.Kxa4 Nxh4  0-1

[Event "7th Hotel"]
[Site "Opatija CRO"]
[Date "2002.01.12"]
[Round "8"]
[White "Dumpor,A"]
[Black "Szuhanek,R"]
[Result "0-1"]
[WhiteElo "2328"]
[BlackElo "2434"]

1.Nf3 d5 2.c4 c6 3.b3 Nf6 4.Bb2 Bg4 5.e3 e6 6.Be2 Nbd7 7.h3 Bh5 8.O-O Bd6
9.d4 O-O 10.Nbd2 Qe7 11.Ne5 Bxe2 12.Qxe2 Rfd8 13.c5 Bxe5 14.dxe5 Ne4 15.b4 a5
16.a3 axb4 17.axb4 Nxd2 18.Qxd2 Qe8 19.e4 dxe4 20.Qf4 Nf8 21.Rxa8 Rxa8 22.Qxe4 Ng6
23.b5 Ne7 24.b6 Nd5 25.Ra1 Rxa1+ 26.Bxa1 Qa8 27.Bd4 Qa4 28.Qh4 Qa8 29.f4 h6
30.f5 exf5 31.e6 fxe6 32.Qg3 Qf8 33.Qe5 Qe7 34.Qb8+ Kh7 35.Kh2 f4 36.Qd6 Qf7
37.Kg1 f3 38.g3 Qf5 39.Qe5 f2+ 40.Kf1 Qxh3+ 41.Kxf2 Qf5+ 42.Kg2 Qxe5 43.Bxe5 g5
44.Kf3 Kg6 45.g4 Nf6 46.Bd6 h5 47.gxh5+ Kxh5 48.Bg3 Kg6 49.Bd6 Kf5 50.Ke3 e5
51.Kf3 g4+ 52.Ke3 Nd5+ 53.Kd3 Kf4 54.Ke2 g3 55.Bb8 Nc3+ 56.Ke1 Ne4 57.Bd6 g2  0-1

[Event "TCh-CZE 2001-2"]
[Site "CZE"]
[Date "2002.01.13"]
[Round "7"]
[White "Chytilek,R"]
[Black "Mikhaletz,L"]
[Result "0-1"]
[WhiteElo "2386"]
[BlackElo "2392"]

1.Nf3 d5 2.c4 e6 3.d4 c6 4.Qc2 Nf6 5.g3 Nbd7 6.Bg2 b5 7.c5 a5 8.b3 Ne4 9.O-O f5
10.Nc3 Be7 11.Bb2 O-O 12.Rad1 Bf6 13.Nxe4 fxe4 14.Nd2 Qc7 15.Rfe1 e5 16.f3 exf3
17.Nxf3 e4 18.Nd2 Bg5 19.Nf1 Nf6 20.Bc1 Bxc1 21.Rxc1 Ng4 22.Qd2 Qf7 23.e3 Nf2
24.Rc2 Nd3 25.Rb1 Qh5 26.h4 Ra7 27.Nh2 Qg6 28.Nf1 b4 29.Ra1 Raf7 30.a3 a4
31.axb4 axb3 32.Rc3 b2 33.Rb1 Rxf1+ 34.Bxf1 Qxg3+ 35.Qg2 Qxe3+ 36.Kh1 Nf2+  0-1

[Event "OSS GM"]
[Site "Oslo NOR"]
[Date "2002.01.17"]
[Round "7"]
[White "Groenn,A"]
[Black "Moen,A"]
[Result "1/2-1/2"]
[WhiteElo "2370"]
[BlackElo "2265"]

1.Nf3 d5 2.c4 e6 3.d4 Nf6 4.g3 dxc4 5.Qa4+ Nbd7 6.Bg2 Be7 7.O-O O-O 8.Qxc4 c5
9.Rd1 e5 10.dxc5 Bxc5 11.b4 Bb6 12.Nc3 Qe8 13.Nb5 e4 14.Nd6 Qe7 15.Nf5 Qe8
16.Nd6 Qe7 17.Ng5 Ne5 18.Qb3 Bg4 19.Bb2 Bxe2 20.Bxe5 Bxd1 21.Rxd1 Qxe5 22.Ngxf7 Qe7
23.Nh6+ Kh8 24.Ndf7+ Rxf7 25.Nxf7+ Kg8 26.Ng5+ Kh8 27.Nf7+ Kg8 28.Nd6+ Kh8
29.Nc4 Qf7 30.Nxb6 Qxb3 31.axb3 axb6 32.Rd6 h5 33.Rxb6 Nd5 34.Re6 Ra1+ 35.Bf1 Nc3
36.b5 h4 37.h3 hxg3 38.fxg3 Rb1 39.b6 Rxb3 40.Kf2 Rb2+ 41.Ke3 Rxb6 42.Rxb6  1/2-1/2

[Event "TCh-ISR"]
[Site "ISR"]
[Date "2002.01.18"]
[Round "2"]
[White "Huzman,A"]
[Black "Maryasin,B"]
[Result "1-0"]
[WhiteElo "2580"]
[BlackElo "2398"]

1.Nf3 d5 2.c4 dxc4 3.e3 Nc6 4.Bxc4 e5 5.Qc2 Bd6 6.a3 Qf6 7.Nc3 Bf5 8.d3 Nge7
9.Ne4 Bxe4 10.dxe4 g5 11.b4 g4 12.Nd2 a5 13.b5 Nd8 14.Be2 h5 15.Bb2 Ng6 16.Nc4 O-O
17.h3 Qg5 18.hxg4 hxg4 19.O-O-O Ne6 20.Rd5 Rfd8 21.Kb1 Ng7 22.Qd1 Ne7 23.Rd2 g3
24.Nxe5 gxf2 25.Rh8+ Kxh8 26.Nxf7+  1-0

[Event "TCh-FIN 2001-02"]
[Site "FIN"]
[Date "2002.01.19"]
[Round "6"]
[White "Porrasmaa,T"]
[Black "Eskelinen,A"]
[Result "0-1"]
[WhiteElo "2220"]
[BlackElo "2198"]

1.Nf3 d5 2.c4 c6 3.b3 Nf6 4.g3 Bf5 5.Bg2 e6 6.O-O Be7 7.Bb2 Nbd7 8.d3 h6
9.Nbd2 O-O 10.a3 a5 11.Qc2 Bh7 12.Rfe1 Re8 13.Bc3 Bf8 14.Qb2 c5 15.d4 Ne4
16.Nxe4 Bxe4 17.cxd5 exd5 18.Bh3 Ra6 19.Rac1 cxd4 20.Bxd4 a4 21.b4 Nb6 22.Nd2 Nd7
23.Nxe4 dxe4 24.e3 Bd6 25.Red1 Qe7 26.Bxd7 Qxd7 27.Bxg7 Qf5 28.Bh8 Bf8 29.Rc5 Qf3
30.Rcd5 f6 31.Rd8 Kxh8 32.R1d7 Ra8 33.Rxa8 Rxa8 34.Rf7 Rd8 35.Qxf6+ Qxf6
36.Rxf6 Bxb4 37.Rb6 Bxa3 38.Rxb7 Bf8 39.Ra7 a3 40.Kg2 Rd2  0-1

[Event "39th BPCL ch-IND"]
[Site "Nagpur IND"]
[Date "2002.01.23"]
[Round "8"]
[White "Sriram,J"]
[Black "Ganguly,S"]
[Result "0-1"]
[WhiteElo "2408"]
[BlackElo "2498"]

1.Nf3 d5 2.c4 dxc4 3.Qa4+ Nc6 4.g3 Bg4 5.Bg2 Qd7 6.Na3 e5 7.Nxc4 e4 8.Ng1 Nf6
9.Ne3 Nd4 10.Qxd7+ Bxd7 11.f3 g6 12.fxe4 Bh6 13.e5 Bxe3 14.dxe3 Nc2+ 15.Kd1 Nxa1
16.exf6 O-O-O 17.Bd2 Be6 18.Bh3 Rd6 19.Bxe6+ Rxe6 20.Kc1 Rc6+ 21.Kb1 Nc2
22.Nf3 Re8 23.Ng5 Nxe3 24.Bxe3 Rxe3 25.Rf1 Rxe2 26.Nxf7 Rcc2  0-1

[Event "Unilog-Integrata IM"]
[Site "Griesheim GER"]
[Date "2002.01.26"]
[Round "4"]
[White "Marchio,E"]
[Black "Schramm,C"]
[Result "1-0"]
[WhiteElo "2316"]
[BlackElo "2355"]

1.Nf3 d5 2.c4 Nf6 3.cxd5 Qxd5 4.Nc3 Qh5 5.e4 c6 6.d4 Qa5 7.Bd2 Bg4 8.Nd5 Qd8
9.Nxf6+ exf6 10.Bc3 Be6 11.Bd3 Be7 12.O-O O-O 13.Qe2 Re8 14.Rfd1 Bd6 15.d5 Bxd5
16.Qc2 Be6 17.e5 fxe5 18.Bxh7+ Kh8 19.Nxe5 Qe7 20.Rd3 Bxe5 21.Bxe5 Nd7 22.Bc3 Nf6
23.Rg3 Nh5 24.Re3 Qg5 25.Rae1 Bd7 26.Re5 Qh6 27.Bf5 Rxe5 28.Rxe5 Be6 29.Bxe6 fxe6
30.Bd2 Nf4 31.g3 Qg6 32.Qxg6 Nxg6 33.Rxe6 Rd8 34.Bc3 Kh7 35.h4 Rd7 36.h5 Ne7
37.Kg2 Nd5 38.Be5 Nb4 39.a3 Nd3 40.Bc3 Nc5 41.Rg6 Ne4 42.Be5 c5 43.f4 Nf6
44.g4 Rd3 45.f5 Ne8 46.h6 gxh6 47.Re6 Rd8 48.Re7+ Kg8 49.Rxb7  1-0

[Event "It"]
[Site "Bijeljina Dvorovi YUG"]
[Date "2002.01.29"]
[Round "4"]
[White "Arsovic,G"]
[Black "Savanovic,A"]
[Result "1/2-1/2"]
[WhiteElo "2437"]
[BlackElo "2428"]

1.Nf3 d5 2.c4 e6 3.d4 Nf6 4.Nc3 Be7 5.Bg5 O-O 6.e3 h6 7.Bxf6 Bxf6 8.Qb3 c5
9.cxd5 cxd4 10.Nxd4 Bxd4 11.exd4 exd5 12.Be2 Nc6 13.Rd1 Qh4 14.Qa4 Bg4  1/2-1/2

[Event "Open"]
[Site "Antalya TUR"]
[Date "2002.02.02"]
[Round "9"]
[White "Grunberg,M"]
[Black "Arduman,C"]
[Result "1/2-1/2"]
[WhiteElo "2463"]
[BlackElo "2352"]

1.Nf3 d5 2.c4 d4 3.e3 Nc6 4.exd4 Nxd4 5.Nxd4 Qxd4 6.Nc3 e5 7.d3 Ne7 8.Be3 Qd8
9.Be2 Nf5 10.Qa4+ c6 11.Rd1 Be7 12.Bf3 O-O 13.Rd2 Nh4 14.d4 exd4 15.Rxd4 Qc7
16.Qd1 Be6 17.O-O Nf5 18.Re4 Nxe3 19.fxe3 Bf6 20.Qb3 Rad8 21.Bg4 Bxg4 22.Rxg4 Be5
23.Rh4 Qe7 24.Rh3 g6 25.Rhf3 Rd7 26.h3 Qe6 27.R1f2 Bg7 28.Rg3 Rd3 29.Qxb7 Rxe3
30.Rxe3 Qxe3 31.Ne2 Qc5 32.g3 Qxc4 33.Qxa7 Bxb2 34.Qb7 Be5 35.Qb3 Qxb3 36.axb3 Rd8
37.Rf3 Rd2 38.Kf1 Kf8 39.Re3 f6 40.g4 Rd5 41.Kf2 Kf7 42.Kf3 Rb5 43.Kf2 g5
44.Kf3 Rb4 45.Ng3 Bxg3 46.Kxg3 Rd4 47.Rc3 Rd6 48.b4 Kg6 49.Rc5 h5 50.b5 Rd3+
51.Kg2 Rd2+ 52.Kf3 cxb5 53.Rxb5 h4 54.Rb3 Rh2 55.Ke4 Rf2 56.Ke3 Rf1 57.Ke2 Rh1
58.Kf2 Rh2+ 59.Kg1 Re2 60.Rb7 Re6 61.Kg2 Re2+ 62.Kg1 Re3 63.Kg2 Rg3+ 64.Kh2 Re3
65.Kg2 Re6 66.Kf3 Ra6 67.Kg2 f5 68.gxf5+ Kxf5 69.Rb5+ Kf6 70.Kf3 Kg6 71.Rb2 Ra3+
72.Kg2 Ra5 73.Rf2 Rb5 74.Kh2 Rb4 75.Kg2 Rf4 76.Ra2  1/2-1/2

[Event "Mimoza Open"]
[Site "Herceg Novi YUG"]
[Date "2002.02.04"]
[Round "1"]
[White "Damljanovic,B"]
[Black "Pavlovic,Dej"]
[Result "1-0"]
[WhiteElo "2545"]
[BlackElo "2277"]

1.Nf3 d5 2.c4 c6 3.d4 Nf6 4.Qc2 e6 5.g3 dxc4 6.Qxc4 b5 7.Qc2 Bb7 8.Bg2 Nbd7
9.a4 c5 10.O-O b4 11.Bg5 Rc8 12.Nbd2 Be7 13.Qd3 O-O 14.Rfc1 h6 15.Bxf6 Bxf6
16.e3 Rc7 17.Qe2 Qc8 18.Nb3 Rd8 19.Nfd2 Ba6 20.Qh5 c4 21.Qa5 Be7 22.Rc2 Nb8
23.Rac1 c3 24.bxc3 Bd3 25.c4 Bxc2 26.Rxc2 Nc6 27.Qb5 a6 28.Qh5 Bf8 29.c5 Ne7
30.Nc4 Nd5 31.Bxd5 exd5 32.Nb6 Qe6 33.a5 Qc6 34.Qe2 Ra7 35.Rb2 Re8 36.Nc1 Re4
37.Nd3 Qb5 38.Rxb4 Qxa5 39.Qb2 Rb7 40.Ra4 Qxa4  1-0

[Event "FSFMA February"]
[Site "Budapest HUN"]
[Date "2002.02.05"]
[Round "4"]
[White "Szirmai,Ed"]
[Black "Ladanyi,G"]
[Result "1-0"]
[WhiteElo "2154"]
[BlackElo "2004"]

1.Nf3 d5 2.c4 c6 3.b3 Nf6 4.g3 Nbd7 5.Bb2 Qc7 6.Bg2 e5 7.cxd5 cxd5 8.Nc3 d4
9.Nb5 Qa5 10.a4 a6 11.Na3 Bc5 12.Nc4 Qc7 13.Rc1 Qb8 14.Ncxe5 Qa7 15.Qc2 O-O
16.Nd3 Bb6 17.O-O Nb8 18.Qxc8  1-0

[Event "13th Asian Cities"]
[Site "Aden YEM"]
[Date "2002.02.07"]
[Round "1"]
[White "Faraj,Y"]
[Black "Barsov,A"]
[Result "0-1"]
[WhiteElo "2209"]
[BlackElo "2527"]

1.Nf3 d5 2.c4 d4 3.b4 Bg4 4.Bb2 Bxf3 5.exf3 Nf6 6.g3 e5 7.Qe2 Nbd7 8.a3 Be7
9.Bg2 O-O 10.O-O Re8 11.d3 a5 12.b5 Nc5 13.Qc2 a4 14.Nd2 Nfd7 15.Rfe1 f5
16.Re2 Bf6 17.Rae1 Rf8 18.Qb1 c6 19.bxc6 bxc6 20.f4 Rb8 21.Bxc6 e4 22.Bb5 Nxd3
23.Ba1 Nxe1 24.Rxe1 Nc5 25.Qd1 d3 26.Nf1 Bxa1 27.Qxa1 Nb3 28.Qe5 Nd4 29.Nd2 Qf6
30.Qd5+ Kh8 31.Kg2 Rbd8 32.Qc5 Nf3 33.Nxf3 exf3+ 34.Kxf3 d2 35.Rd1 Qc3+ 36.Ke2 Qd3+  0-1

[Event "Aeroflot Open"]
[Site "Moscow RUS"]
[Date "2002.02.07"]
[Round "5"]
[White "Socko,B"]
[Black "Meister,Y"]
[Result "1-0"]
[WhiteElo "2585"]
[BlackElo "2494"]

1.Nf3 d5 2.c4 e6 3.e3 Nf6 4.b3 a5 5.Nc3 Be7 6.Bb2 O-O 7.Be2 Nbd7 8.Qc2 c6
9.O-O Nc5 10.Ne5 Bd6 11.f4 Nfe4 12.Nxe4 Nxe4 13.d3 Nf6 14.Kh1 Ne8 15.e4 f6
16.Ng4 Be7 17.Bf3 Nc7 18.Qf2 a4 19.h3 axb3 20.axb3 Rxa1 21.Rxa1 dxc4 22.dxc4 Qd3
23.Qe3 Qxe3 24.Nxe3 Rd8 25.Rd1 Rxd1+ 26.Bxd1 Na6 27.g3 Kf7 28.Kg2 Bc5 29.Kf3 b5
30.cxb5 cxb5 31.Be2 Bd7 32.Nc2 Nc7 33.Bd3 g6 34.g4 Bb6 35.Bc3 Na6 36.Nd4 Nc7
37.Kg3 Bc5 38.Nf3 b4 39.Bd4 Be7 40.g5 Bb5 41.Bc2 e5 42.gxf6 exf4+ 43.Kxf4 Ne6+
44.Ke3 Bxf6 45.Bxf6 Kxf6 46.e5+ Ke7 47.h4 Be8 48.Ne1 Nd8 49.Kd4 Nc6+ 50.Kd5 h6
51.Nf3 Na5 52.Nd4 g5 53.hxg5 hxg5 54.Kc5 g4 55.Kb6 Nxb3 56.Bxb3 Bf7 57.Nf5+ Kf8
58.e6  1-0

[Event "13th Asian Cities"]
[Site "Aden YEM"]
[Date "2002.02.09"]
[Round "4"]
[White "Al Kailani,Z"]
[Black "Sareen,V"]
[Result "0-1"]
[WhiteElo "2095"]
[BlackElo "2346"]

1.Nf3 d5 2.c4 e6 3.e3 Nf6 4.b3 c5 5.Bb2 Nc6 6.d4 cxd4 7.exd4 Be7 8.Be2 O-O
9.O-O b6 10.Nc3 dxc4 11.bxc4 Bb7 12.Qd2 Rc8 13.Rfd1 Na5 14.d5 exd5 15.cxd5 Bb4
16.Rac1 Nxd5 17.Nxd5 Bxd2 18.Rxc8 Bxc8 19.Rxd2 Be6 20.Nf6+ gxf6 21.Rxd8 Rxd8
22.Bxf6 Rc8  0-1

[Event "13th Asian Cities"]
[Site "Aden YEM"]
[Date "2002.02.11"]
[Round "6"]
[White "Faraj,Y"]
[Black "Mahmoud,Ab"]
[Result "1-0"]
[WhiteElo "2209"]
[BlackElo "2166"]

1.Nf3 d5 2.c4 c6 3.d4 Nf6 4.e3 e6 5.Bd3 Be7 6.O-O O-O 7.Nc3 Nbd7 8.Qe2 c5
9.Rd1 cxd4 10.exd4 dxc4 11.Bxc4 Nb6 12.Bb3 Nbd5 13.Ne5 Bd7 14.Rd3 Nxc3 15.bxc3 Bc6
16.Nxc6 bxc6 17.Bf4 Nd5 18.Be5 Bf6 19.Qe4 Bxe5 20.dxe5 Qg5 21.Bc2 g6 22.Re1 Rfd8
23.g3 Ne7 24.Ba4 Qf5 25.Rd6 Rac8 26.Qd4 Rxd6 27.exd6 c5 28.Qc4  1-0

[Event "FSFMB February"]
[Site "Budapest HUN"]
[Date "2002.02.11"]
[Round "10"]
[White "Fodor,I"]
[Black "Vass,V"]
[Result "1/2-1/2"]
[WhiteElo "2082"]
[BlackElo "2182"]

1.Nf3 d5 2.c4 c6 3.d4 Nf6 4.Nc3 e6 5.Bg5 dxc4 6.e4 b5 7.e5 h6 8.Bh4 g5 9.Nxg5 hxg5
10.Bxg5 Nbd7 11.exf6 Bb7 12.g3 c5 13.d5 Qb6 14.Bg2 O-O-O 15.O-O b4 16.Rb1 Qa6
17.dxe6 Bxg2 18.e7 Bxf1 19.Kxf1 Qc6 20.exd8=Q+ Kxd8 21.Nd5 Rxh2 22.Kg1 Rh8
23.Bf4 Bd6 24.Bxd6 Qxd6 25.Qf3 Qe5  1/2-1/2

[Event "13th Asian Cities"]
[Site "Aden YEM"]
[Date "2002.02.13"]
[Round "8"]
[White "Villamayor,B"]
[Black "Abdul Ghani,H"]
[Result "1-0"]
[WhiteElo "2520"]
[BlackElo "2300"]

1.Nf3 d5 2.c4 c6 3.d4 Nf6 4.Qc2 e6 5.g3 Be7 6.Bg2 Nbd7 7.O-O O-O 8.Nbd2 c5
9.cxd5 Nxd5 10.Ne4 cxd4 11.Nxd4 Qb6 12.Rd1 N7f6 13.Bg5 Nxe4 14.Bxe7 Nxe7
15.Bxe4 h6 16.Rac1 Nf5 17.Nb3 Rd8 18.Rxd8+ Qxd8 19.Rd1 Qe7 20.Qc5 Qxc5 21.Nxc5 Kf8
22.g4 Nh4 23.Bxb7 Bxb7 24.Nxb7 Ke7 25.Rc1 Rb8 26.Rc7+ Kf6 27.b3 Ng6 28.Nd6 Ne5
29.Rxa7 Rd8 30.Ne4+ Kg6 31.f3 f5 32.gxf5+ exf5 33.Ra6+ Kh5 34.Ng3+ Kg5 35.Kf2 g6
36.Re6 Rd5 37.a4 h5 38.b4 Nd7 39.h4+ Kh6 40.e4 fxe4 41.fxe4 Rd2+ 42.Ke3 Rb2
43.Nf5+ Kh7 44.Re7+ Kh8 45.Rxd7 gxf5 46.Rb7  1-0